Principles of CMOS VLSI design (Record no. 2744)

000 -LEADER
fixed length control field 00701nam a2200229 a 4500
001 - CONTROL NUMBER
control field 2744
003 - CONTROL NUMBER IDENTIFIER
control field BD-DhUET
008 - FIXED-LENGTH DATA ELEMENTS--GENERAL INFORMATION
fixed length control field 920421s1993 mauaf b 001 0 eng
020 ## - INTERNATIONAL STANDARD BOOK NUMBER
International Standard Book Number 0201533766
040 ## - CATALOGING SOURCE
Original cataloging agency DLC
Transcribing agency DLC
Modifying agency BD-DhUET
082 00 - DEWEY DECIMAL CLASSIFICATION NUMBER
Classification number 623.8173
Item number WES/1992
100 1# - MAIN ENTRY--PERSONAL NAME
Personal name Weste, Neil H. E.
245 10 - TITLE STATEMENT
Title Principles of CMOS VLSI design
Remainder of title a systems perspective
Statement of responsibility, etc. by Neil H.E. Weste and Kamran Eshraghian
250 ## - EDITION STATEMENT
Edition statement 2nd ed.
260 ## - PUBLICATION, DISTRIBUTION, ETC. (IMPRINT)
Place of publication, distribution, etc. New York
Name of publisher, distributor, etc. Addison-Wesley Publishing
Date of publication, distribution, etc. 1993
300 ## - PHYSICAL DESCRIPTION
Extent xxii, 713 p.
490 ## - SERIES STATEMENT
Series statement The VLSI system series
504 ## - BIBLIOGRAPHY, ETC. NOTE
Bibliography, etc Includes bibliographies
650 #0 - SUBJECT ADDED ENTRY--TOPICAL TERM
Topical term or geographic name as entry element Integrated circuits- VLSI-Design and construction
700 ## - ADDED ENTRY--PERSONAL NAME
Personal name Eshraghian, Kamran
942 ## - ADDED ENTRY ELEMENTS (KOHA)
Koha item type General Book
Holdings
Koha normalized classification for sorting Koha date last borrowed Koha full call number Koha item type Price effective from Lost status Piece designation (barcode) Not for loan Copy number Koha date last seen Damaged status Date acquired Shelving location Withdrawn status Koha issues (times borrowed) Sublocation or collection (holding branch) Source of classification or shelving scheme Location (home branch)
623_817300000000000_WES_1993 623.8173/WES/1993General Book2014-09-30 107718 12014-09-30 2014-09-30Circulation section  Central Library, BUET Central Library, BUET
623_000000000000000_8173WES1992014-12-13623.8173/WES/1993General Book2014-09-30 107801 22015-01-10 2014-09-30Circulation section 1Central Library, BUET Central Library, BUET
623_000000000000000_8173WES199 623.8173/WES/1993General Book2014-10-29 91121 32014-10-29 2014-10-29Circulation section  Central Library, BUET Central Library, BUET
623_817300000000000_WES_1993 623.8173/WES/1993General Book2014-10-29 91119 42014-10-29 2014-10-29Circulation section  Central Library, BUET Central Library, BUET
623_000000000000000_8173WES199 623.8173/WES/1992General Book2014-11-01 91120 52014-11-01 2014-11-01Circulation section  Central Library, BUET Central Library, BUET
623_000000000000000_8173WES1992018-08-14623.8173/WES/1992General Book2014-11-01 91124 62018-08-27 2014-11-01Circulation section 1Central Library, BUET Central Library, BUET
623_000000000000000_8173WES199 623.8173/WES/1993General Book2014-11-09 91123 72017-01-01 2014-11-09Circulation section  Central Library, BUET Central Library, BUET
623_817300000000000_WES_1993 623.8173/WES/1993Reading Item2015-07-02 90588 82015-07-02 2015-07-02Reading section  Central Library, BUET Central Library, BUET
623_817300000000000_WES_1993 623.8173/WES/1993General Book2019-01-30 91122 92019-01-30 1997-04-28Circulation section  Central Library, BUET Central Library, BUET